Spongebob Names Quiz Stats

 Plays Quiz not verified by Sporcle

Challenge
Share
Tweet
Embed
Score 0/13 Timer 01:00
0 Plays Today
question answer % Correct
PatrickStar
94.9%
EugeneKrabs
94.9%
PearlKrabs
94.9%
SheldonPlankton
89.8%
SpongebobSquarepants
88.1%
HaroldSquarepants
88.1%
Larrythe Lobster
86.4%
Patchythe Pirate
86.4%
SandyCheeks
84.7%
SquidwardTentacles
84.7%
Old ManJenkins
84.7%
ManRay
78%
Pottythe Parrot
67.8%

You're not logged in!

Compare scores with friends on all Sporcle quizzes.
OR
Log In

You Might Also Like...

Show Comments

Extras

Created Dec 30, 2011ReportNominate
Tags:SpongeBob Quiz

Top Quizzes Today


Score Distribution

Your Account Isn't Verified!

In order to create a playlist on Sporcle, you need to verify the email address you used during registration. Go to your Sporcle Settings to finish the process.

Report this User

Report this user for behavior that violates our Community Guidelines.

Details: